Entrada Personal Name
Número de registros utilizados en: 1
001 - CONTROL NUMBER
- control field: 13840
003 - CONTROL NUMBER IDENTIFIER
- control field: DLC
005 - DATE AND TIME OF LATEST TRANSACTION
- control field: 20230301133800.0
008 - FIXED-LENGTH DATA ELEMENTS
- fixed length control field: 800317n| azannaabn |a aaa
010 ## - LIBRARY OF CONGRESS CONTROL NUMBER
- LC control number: n 50005200
035 ## - SYSTEM CONTROL NUMBER
- System control number: (OCoLC)oca00040768
040 ## - CATALOGING SOURCE
- Original cataloging agency: DLC
- Language of cataloging: spa
- Description conventions: rda
- Transcribing agency: DLC
- Modifying agency: DLC
- Modifying agency: OCoLC
- Modifying agency: IEN-Mu
- Modifying agency: IEN
- Modifying agency: DLC
- Modifying agency: NcU
- Modifying agency: Mx-PuUPA
046 ## - SPECIAL CODED DATES
- Birth date: 19061028
- Death date: 19960913
053 #0 - LC CLASSIFICATION NUMBER
- Classification number element--single number or beginning number of span: PQ9469.F55
100 1# - HEADING--PERSONAL NAME
- Personal name: Filgueira Valverde, José,
- Dates associated with a name: 1906-1996,
- Titles and other words associated with a name: O vello profesor,
370 ## - ASSOCIATED PLACE
- Place of birth: Pontevedra, España
- Place of death: Pontevedra, España
372 ## - FIELD OF ACTIVITY
- Field of activity: Literatura medieval
373 ## - ASSOCIATED GROUP
- Associated group: Real Academia de la Historia
- Associated group: Real Academia Gallega
374 ## - OCCUPATION
- Occupation: Intelectual
- Occupation: Escritor
- Occupation: Político
- Occupation: Arqueólogo
- Occupation: Jurista
- Occupation: Historiador de la literatura
- Occupation: Historiador
375 ## - GENDER
- Gender: hombre
377 ## - ASSOCIATED LANGUAGE
- Language code: spa
400 1# - SEE FROM TRACING--PERSONAL NAME
- Control subfield: nne
- Personal name: Filgueira Valverde, José,
- Dates associated with a name: 1905-
400 1# - SEE FROM TRACING--PERSONAL NAME
- Personal name: Filgueira Valverde, J.
- Fuller form of name: (José),
- Dates associated with a name: 1906-1996
400 1# - SEE FROM TRACING--PERSONAL NAME
- Personal name: Valverde, José Filgueira,
- Dates associated with a name: 1906-1996
400 1# - SEE FROM TRACING--PERSONAL NAME
- Personal name: Filgueira Valverde, J. F.
- Fuller form of name: (José Fernando),
- Dates associated with a name: 1906-1996
400 1# - SEE FROM TRACING--PERSONAL NAME
- Personal name: Filgueira Valverde, Xosé,
- Dates associated with a name: 1906-1996
400 1# - SEE FROM TRACING--PERSONAL NAME
- Personal name: Valverde, Xosé Filgueira,
- Dates associated with a name: 1906-1996
400 1# - SEE FROM TRACING--PERSONAL NAME
- Personal name: Filgueria Valverde, X. F.,
- Dates associated with a name: 1906-1996
670 ## - SOURCE DATA FOUND
- Source citation: Gida de Santiago de Compostela ... 1932.
670 ## - SOURCE DATA FOUND
- Source citation: Alfonso X, King of Castile and Leon. Afonso X e Galicia, 1980 (a.e.)
- Information found: t.p. (Xosé Filgueira Valverde)
670 ## - SOURCE DATA FOUND
- Source citation: Historias de Compostela, 1982?:
- Information found: t.p. (J.F. Filgueira Valverde) flap (José Fernando Filgueira Valverde)
670 ## - SOURCE DATA FOUND
- Source citation: Tiempo y gozo eterno en la narrativa medieval, 1982?:
- Information found: t.p. (J.F. Filgueira Valverde) cover (J. Filgueira Valverde)
670 ## - SOURCE DATA FOUND
- Source citation: Baldaquinos gallegos, 1987:
- Information found: t.p. (José Filgueira Valverde) jkt (b. 1906, Pontevedrés; degree in law & degree in philosophy and letters; doctorate in Gallegan and Portuguese language & literature)
670 ## - SOURCE DATA FOUND
- Source citation: Con Otero Pedrayo, 1990:
- Information found: t.p. (X.F. Filgueira Valverde)
670 ## - SOURCE DATA FOUND
- Source citation: Gómez García, M. Diccionario del teatro, 1998
- Information found: (Filgueira Valverde, Xosé Fernando; b. 1906, Pontevedra, d. 1996, Santiago de Compostela)
670 ## - SOURCE DATA FOUND
- Source citation: Information from 678 field, converted 2014-04-16
- Information found: (Director del Museo de Pontevedra)
670 ## - SOURCE DATA FOUND
- Source citation: El libro de Santiago, 1948:
- Information found: portada (J. Filgueira Valverde).
670 ## - SOURCE DATA FOUND
- Source citation: Wikipedia, sitio web, 01 marzo 2023:
- Information found: Xosé Fernando Filgueira Valverde (José Filgueira Valverde, Pontevedra, 28 de octubre de 1906-ibidem, 13 de septiembre de 1996), fue un escritor, investigador y crítico español en lengua gallega y castellana. Se le conoce, en el ámbito intelectual gallego, con el sobrenombre de «O vello profesor» («El viejo profesor»). :
- Uniform Resource Identifier: https://es.wikipedia.org/wiki/Xos%C3%A9_Filgueira_Valverde